Návrh montáže stredového zloženia bicykla

Uložené v:
Podrobná bibliografia
Hlavný autor: Blaho, Tomáš (Autor)
Ďalší autori: Kusá, Martina (Vedúci práce)
Médium: Rukopis Kniha
Jazyk:Slovak
Vydavateľské údaje: 2020
Predmet:
On-line prístup:http://is.stuba.sk/zp/portal_zp.pl?podrobnosti=141483
Tagy: Pridať tag
Žiadne tagy, Buďte prvý, kto otaguje tento záznam!

MARC

LEADER 00000ntm a22000003a 4500
001 stuzp78578
003 SK-STU
005 20200718211017.0
007 ta
008 150427s2015----xo-----f-mn---000-0-slo-d
040 |a STU  |b slo 
041 0 |a slo 
100 1 |a Blaho, Tomáš  |u 063000  |4 aut  |U MTF Materiálovotechnologická fakulta  |T MTF Ústav výrobných technológií  |X 91553  |U M3000  |Y 83  |7 91553 
242 0 1 |a Assembly design bottom bracket  |y eng 
245 1 0 |a Návrh montáže stredového zloženia bicykla 
260 |c 2020 
650 4 |a Montáž  |2 slo 
650 4 |a Montážne systémy  |2 slo 
650 4 |a Stredové zloženie  |2 slo 
650 4 |a Bottom bracket  |2 eng 
650 4 |a Assembly  |2 eng 
650 4 |a Assembly systems  |2 eng 
700 1 |a Kusá, Martina  |u 063800  |k Z1  |4 ths  |U MTF Ústav výrobných technológií  |T MTF Katedra výrobných zariadení a systémov  |X 41722  |U M3800  |Y 660  |7 A000041722 
856 4 |u http://is.stuba.sk/zp/portal_zp.pl?podrobnosti=141483 
996 |c M* BP-8774  |l MMSKP  |s P  |a 0  |w stuzp78578_0001